The Batman Movie Trivia - Statistics

General Stats
  • This quiz has been taken 107 times
    78 since last reset
  • The average score is 11 of 20
Answer Stats
Hint Answer % Correct
Where does the film take place? Gotham City
95%
Batman Robert Pattinson
85%
Selina Kyle Zoë Kravitz
71%
Who directed the film? Matt Reeves
68%
What nightclub contains the undercover 44 Below? {Iceberg} Lounge
67%
Who is the rat? Carmine Falcone
65%
Where is Riddler sent after being arrested at a coffee shop? Arkham Asylum
62%
What does a liar do when he's dead? He {Lies} {Still}
61%
The Riddler Paul Dano
59%
Oswald Cobb Colin Farrell
56%
What Nirvana song plays at the beginning and ending of the film? Something in the Way
53%
What is cruel, poetic or blind, but when it's denied, it's violence you may find? Justice
48%
What small device does Batman find in the mayor's car? Thumb Drive
42%
Who is Selina's friend that was strangled? Annika
41%
Alfred Pennyworth Andy Serkis
39%
What do Catwoman and Penguin refer to Batman as, referring to a street gang he fought? Vengeance
39%
What cipher message leads Batman and Gordon to a website? You Are El {Rata} {Alada}
36%
James Gordon Jeffrey Wright
33%
What citywide structure does the Riddler destroy? Seawall
30%
Who composed the score for the film? Michael Giacchino
27%
No matching quizzes found
Score Distribution
Percent of People with Each Score
Percentile by Number Answered
Your Score History
You have not taken this quiz since the last reset